Sports Quiz

Random Sports or NFL Quiz

Consecutive Super Bowl Appearances Quiz Stats

 Plays Quiz Updated Feb 3, 2019

Challenge
Share
Tweet
Embed
Score 0/12 Timer 01:30
0 Plays Today
Team % Correct
New England Patriots
97.5%
New England Patriots
95.5%
Green Bay Packers
93.2%
Dallas Cowboys
92.1%
Pittsburgh Steelers
90.6%
San Francisco 49ers
87.8%
Buffalo Bills
84.5%
Denver Broncos
82.3%
Seattle Seahawks
79.7%
Miami Dolphins
77.5%
Minnesota Vikings
66.2%
Washington Redskins
65.3%

You're not logged in!

Compare scores with friends on all Sporcle quizzes.
OR
Log In

You Might Also Like...

Show Comments

Extras

Top Quizzes Today


Score Distribution

Your Account Isn't Verified!

In order to create a playlist on Sporcle, you need to verify the email address you used during registration. Go to your Sporcle Settings to finish the process.

Report this User

Report this user for behavior that violates our Community Guidelines.

Details: